Central Library OPAC University of Rajshahi

Dairy cattle science / (Record no. 13901)

MARC details
000 -LEADER
fixed length control field 01098cam a22003254a 4500
001 - CONTROL NUMBER
control field 13901
003 - CONTROL NUMBER IDENTIFIER
rucl marc code BD-RjUL
005 - DATE AND TIME OF LATEST TRANSACTION
control field 20211208235532.0
008 - FIXED-LENGTH DATA ELEMENTS--GENERAL INFORMATION
fixed length control field 140203s2006 njua b 001 0 eng
020 ## - INTERNATIONAL STANDARD BOOK NUMBER
International Standard Book Number 0131134124 (casebound)
035 ## - SYSTEM CONTROL NUMBER
System control number (BD-RjUL)13953
040 ## - CATALOGING SOURCE
Original cataloging agency DLC
Transcribing agency DLC
Modifying agency DLC
-- BD-RjU
Language of cataloging eng
041 ## - LANGUAGE CODE
Language code of text/sound track or separate title eng
082 00 - DEWEY DECIMAL CLASSIFICATION NUMBER
Classification number 636.2142
Edition number 22
Author mark and year TYD
100 1# - MAIN ENTRY--PERSONAL NAME
Personal name Tyler, Howard D.
9 (RLIN) 43444
245 10 - TITLE STATEMENT
Title Dairy cattle science /
Statement of responsibility, etc. Howard D. Tyler, M.E. Ensminger.
250 ## - EDITION STATEMENT
Edition statement 4th ed.
260 ## - PUBLICATION, DISTRIBUTION, ETC. (IMPRINT)
Place of publication, distribution, etc. Upper Saddle River, N.J. :
Name of publisher, distributor, etc. Pearson Prentice Hall,
Date of publication, distribution, etc. c2006.
300 ## - PHYSICAL DESCRIPTION
Pagination ix, 417 p. :
Illustrations ill. ;
Size 29 cm.
500 ## - GENERAL NOTE
General note Rev ed. of: Dairy cattle science / by M.E. Ensminger. 1993.
504 ## - BIBLIOGRAPHY, ETC. NOTE
Bibliography, etc Includes bibliographical references and index.
650 #0 - SUBJECT ADDED ENTRY--TOPICAL TERM
Topical term or geographic name as entry element Dairy cattle.
9 (RLIN) 43445
Topical term or geographic name as entry element Dairy farming.
9 (RLIN) 43446
700 1# - ADDED ENTRY--PERSONAL NAME
Personal name Ensminger, M. Eugene.
Personal name Ensminger, M. Eugene.
856 41 - ELECTRONIC LOCATION AND ACCESS
Materials specified Table of contents
Uniform Resource Identifier <a href="http://www.loc.gov/catdir/toc/fy0601/2005043003.html">http://www.loc.gov/catdir/toc/fy0601/2005043003.html</a>
942 ## - ADDED ENTRY ELEMENTS (KOHA)
Source of classification or shelving scheme Dewey Decimal Classification
Koha item type Books
Holdings
Lost status Source of classification or shelving scheme Damaged status Not for loan Collection code Permanent Location Current Location Shelving location Date acquired Source of acquisition Cost, normal purchase price Total Checkouts Full call number Date last seen Copy number Koha item type
  Dewey Decimal Classification     Non-fiction Central Library, University of Rajshahi Central Library, University of Rajshahi   09/02/2008 Dhaka paragon Enterprise 110.80   636.2142 TYD 2006 03/02/2014 C-2 Books
  Dewey Decimal Classification   Not For Loan Non-fiction Central Library, University of Rajshahi Central Library, University of Rajshahi Reading Room 09/02/2008 Dhaka, Paragon Enterprises Ltd. 110.80   636.2142 TYD 2006 05/04/2017 C-1 Books